00354nam a2200109Ia 450000500170000000800410001710000210005824501140007926000260019330000110021965000140023020260326235506.0260326s9999||||xx |||||||||||||| ||und|| aNielsen, Ross G. 0aSerigrafía Industrial y en Artes Gráficas :b Silk Screen - Planografía - Tamiz Seda /cRoss G. Nielsen bLas Ediciones de Arte a247 p. aMARKETING